Statistics for National Parks by Picture

Click here to take the quiz!

General Stats

  • This quiz has been taken 39 times
  • The average score is 27 of 63

Answer Stats

Answer% Correct
Yellowstone
100%
Arches
84%
Sequoia
84%
Saguaro
74%
Grand Canyon
68%
Joshua Tree
68%
White Sands
68%
Biscayne
63%
Glacier
63%
Mammoth Cave
63%
Yosemite
63%
Denali
58%
Badlands
53%
Bryce Canyon
53%
Death Valley
53%
Gateway Arch
53%
Canyonlands
47%
Carlsbad Caverns
47%
Dry Tortugas
47%
Mesa Verde
47%
Mount Rainier
47%
Olympic
47%
Redwood
47%
Wind Cave
47%
Acadia
42%
Gates of the Arctic
42%
Grand Teton
42%
Great Sand Dunes
42%
Hawaii Volcanoes
42%
Virgin Islands
42%
Big Bend
37%
Black Canyon of the Gunnison
37%
Congaree
37%
Crater Lake
37%
Great Smoky Mountains
37%
Kenai Fjords
37%
Voyageurs
37%
American Samoa
32%
Capitol Reef
32%
Channel Islands
32%
Everglades
32%
Glacier Bay
32%
Guadalupe Mountains
32%
Indiana Dunes
32%
Isle Royale
32%
Katmai
32%
Kings Canyon
32%
Kobuk Valley
32%
Pinnacles
32%
Zion
32%
Cuyahoga Valley
26%
Haleakala
26%
Lassen
26%
New River Gorge
26%
Petrified Forest
26%
Rocky Mountains
26%
Shenandoah
26%
Wrangell-St. Elias
26%
Hot Springs
21%
Lake Clark
21%
North Cascades
21%
Theodore Roosevelt
21%
Great Basin
16%

Score Distribution

Percentile by Number Answered

Percent of People with Each Score

Your Score History

You have not taken this quiz